000 00488nam a2200169Ia 4500
008 230917s9999||||xx |||||||||||||| ||und||
020 _cGBP65
040 _e229282
_aMAIN
041 _aEnglish
082 _a338.4791 R424T
100 _aRickly-Boyd, Jillian M
245 0 _aTourism, performance and place: A geographic perspectve
260 _aBurlington
_bAshgate Publishing
_c2014
300 _axv, 180 p.
500 _a2166 09/11/2015 PBA15/466 10/11/2015 IHTM (SFS)
942 _cBK
999 _c16503
_d16503